000 01435nam a2200397 a 4500
001 000109079
003 CHAP
005 20220329144036.0
008 140402s2013 mx a sm |||||||spa d
010 _a105541
011 _a106513
040 _cCHAP
090 _aTesis
100 1 _aArredondo Lugo, Pedro
_9126193
245 1 0 _aCrecimiento del ajo (Allium sativum L.) de semilla sometida a diferentes periodo de frio
_h[En línea]
_cpor Pedro Arredondo Lugo.
260 _aChapingo, Méx. :
_bEl autor.,
_c2013.
500 _aPara ver el contenido del material haga clic en la liga
502 _aTesis (Ing. Agr. Esp. en Sistemas Agrícolas) -- UACH. Dirección de Centros Regionales
590 _aBATCH-UPD
_b05
_c20141002
_lUCH01
_h0859
590 _aBATCH
_b00
_c20181121
_lUCH01
_h0758
590 _aE5652GLJ
_b05
_c20140402
_lUCH01
_h0934
590 _aE5652GLJ
_b05
_c20140402
_lUCH01
_h0934
590 _aE5652GLJ
_b05
_c20140402
_lUCH01
_h1228
590 _aE5652GLJ
_b05
_c20140402
_lUCH01
_h1231
590 _aE5652GLJ
_b05
_c20140402
_lUCH01
_h1336
590 _aE5652GLJ
_b05
_c20141029
_lUCH01
_h1310
650 1 4 _aAjo
_xCrecimiento.
_93177
650 1 4 _aAjo
_xFrio efecto en.
_9126194
650 1 4 _aAjo
_xMejoramiento.
_93199
650 1 4 _aAjo
_xRendimiento.
_93210
856 _a1
_n0000548
856 _aFinding aid
_uhttp://10.13.5.2/tesis/sist109079.pdf
_zTeclea aquí
901 _aBK
942 _cTESIS
942 _n0
999 _c105541
_d105541